Использование опыта Китайской Народной Республики по реформированию системы образования и науки на этапе достижения технологического лидерства (Запись № 13552134)

Подробности
000 -МАРКЕР
контрольное поле 02505nam0a2200397 4500
001 - ИДЕНТИФИКАТОР ЗАПИСИ
контрольное поле RU\NLR\BIBL_A\022673306
005 - ИДЕНТИФИКАТОР ВЕРСИИ
контрольное поле 20260406091333.0
010 ## - МЕЖДУНАРОДНЫЙ СТАНДАРТНЫЙ НОМЕР КНИГИ (ISBN)
Номер (ISBN) 978-5-908031-66-0
Тираж 500
035 ## - ДРУГИЕ СИСТЕМНЫЕ НОМЕРА
Идентификатор записи (NLR Aleph) 022673306
100 ## - ДАННЫЕ ОБЩЕЙ ОБРАБОТКИ
Данные общей обработки 20251126d2025 k y0rusy50 ca
101 0# - ЯЗЫК РЕСУРСА
Язык текста, звукозаписи и т.д. русский
102 ## - СТРАНА ПУБЛИКАЦИИ ИЛИ ПРОИЗВОДСТВА
Страна публикации российская федерация
105 ## - ПОЛЕ КОДИРОВАННЫХ ДАННЫХ: ТЕКСТОВЫЕ МАТЕРИАЛЫ, МОНОГРАФИЧЕСКИЕ
Кодированные данные о монографическом текстовом документе ab z 000zy
181 #0 - ПОЛЕ КОДИРОВАННЫХ ДАННЫХ: ВИД СОДЕРЖАНИЯ
Код вида содержания (ISBD) i3
Код характеристики содержания (ISBD) axxe
182 #0 - ПОЛЕ КОДИРОВАННЫХ ДАННЫХ: ТИП СРЕДСТВА
Код типа средства (ISBD) n - непосредственное
200 1# - ЗАГЛАВИЕ И СВЕДЕНИЯ ОБ ОТВЕТСТВЕННОСТИ
Основное заглавие Использование опыта Китайской Народной Республики по реформированию системы образования и науки на этапе достижения технологического лидерства
Параллельное заглавие Using the experience of the People's Republic of China in reforming the education and science system at the stage of achieving technological leadership
Сведения, относящиеся к заглавию монография
Первые сведения об ответственности Д.В. Гордиенко
Язык параллельного заглавия английский
203 ## - ВИД СОДЕРЖАНИЯ И ТИП СРЕДСТВА
Вид содержания Текст
Дополнительные сведения об издании визуальный
Тип средства непосредственный
210 ## - ПУБЛИКАЦИЯ, РАСПРОСТРАНЕНИЕ И ДР.
Место издания, распространения и т.д. Москва
Имя издателя, распространителя и т. д. Научная библиотека
Дата издания, распространения и т.д. 2025
215 ## - ФИЗИЧЕСКАЯ ХАРАКТЕРИСТИКА
Специфическое обозначение материала и объем 235 с.
Другие сведения о физической характеристике ил., цв. ил., карт.
Размеры 22
300 ## - ОБЩИЕ ПРИМЕЧАНИЯ
Текст примечания На задней сторонке пер. авт.: Гордиенко Дмитрий Владимирович, акад. (действ. чл.) Акад. воен. наук, проф., ветеран воен. службы, полк.
300 ## - ОБЩИЕ ПРИМЕЧАНИЯ
Текст примечания Авт. также на англ. яз.: Dmitry V. Gordienko
320 ## - ПРИМЕЧАНИЯ О НАЛИЧИИ В ДОКУМЕНТЕ БИБЛИОГРАФИИ / УКАЗАТЕЛЯ
Текст примечания Библиогр.: с. 150-163 (51 назв.)
510 1# - ПАРАЛЛЕЛЬНОЕ ЗАГЛАВИЕ
Связь между полями z01790
Параллельное заглавие Using the experience of the People's Republic of China in reforming the education and science system at the stage of achieving technological leadership
Язык заглавия английский
606 1# - НАИМЕНОВАНИЕ ТЕМЫ КАК ПРЕДМЕТ
Наименование темы Образование
Географический подзаголовок Китайская Народная Республика
Системный номер авторитетной/нормативной записи 2472400
Идентификатор авторитетной/нормативной записи RU\NLR\AUTH\661468292
606 1# - НАИМЕНОВАНИЕ ТЕМЫ КАК ПРЕДМЕТ
Наименование темы Наука
Географический подзаголовок Китайская Народная Республика
Системный номер авторитетной/нормативной записи 2526035
Идентификатор авторитетной/нормативной записи RU\NLR\AUTH\6601710691
607 ## - ГЕОГРАФИЧЕСКОЕ НАИМЕНОВАНИЕ КАК ПРЕДМЕТ
Географическое наименование Китайская Народная Республика
Тематический подзаголовок Социально-экономическое развитие
Системный номер авторитетной/нормативной записи 2415368
Идентификатор авторитетной/нормативной записи RU\NLR\AUTH\6601657738
686 1# - ИНДЕКСЫ ДРУГИХ КЛАССИФИКАЦИЙ
Индекс Ч34(5Кит)
686 1# - ИНДЕКСЫ ДРУГИХ КЛАССИФИКАЦИЙ
Индекс Ч214(5Кит)7
686 1# - ИНДЕКСЫ ДРУГИХ КЛАССИФИКАЦИЙ
Индекс У03(5Кит)74
700 #1 - ИМЯ ЛИЦА - ПЕРВИЧНАЯ ОТВЕТСТВЕННОСТЬ
Графика поля Кириллица
Материалы, к которым относится поле rus
Начальный элемент ввода Гордиенко
Часть имени, кроме начального элемента ввода Д. В.
Расширение инициалов личного имени Дмитрий Владимирович
Идентификатор авторитетной/нормативной записи RU\NLR\AUTH\770281923
Системный номер авторитетной/нормативной записи 2669395
790 #1 - ИМЯ ЛИЦА - АЛЬТЕРНАТИВНАЯ ФОРМА
Графика поля Латинская
Материалы, к которым относится поле rus
Начальный элемент ввода Gordienko
Часть имени, кроме начального элемента ввода D. V.
Расширение инициалов личного имени Dmitrij Vladimirovič
Идентификатор авторитетной/нормативной записи RU\NLR\AUTH\770281924
Системный номер авторитетной/нормативной записи 2669396
942 ## - ДОПОЛНИТЕЛЬНЫЕ ЭЛЕМЕНТЫ ЗАПИСИ (АБИС)
Тип экземпляра АБИС Неопределено
980 ## - КОЛЛЕКЦИЯ
Название коллекции Национальная библиография

Нет доступных экземпляров.